Strašidelný kláštor ; Motív vŕbovej halúzky ; Opica a tiger (Record no. 22621)
[ view plain ]
| 000 -LEADER | |
|---|---|
| fixed length control field | 02110cam a2200517 a 4500 |
| 001 - CONTROL NUMBER | |
| control field | 22621 |
| 003 - CONTROL NUMBER IDENTIFIER | |
| control field | VRT |
| 005 - DATE AND TIME OF LATEST TRANSACTION | |
| control field | 20260407152900.0 |
| 008 - FIXED-LENGTH DATA ELEMENTS--GENERAL INFORMATION | |
| fixed length control field | 240226s1979 xo gr 000 f slo |
| 015 ## - NATIONAL BIBLIOGRAPHY NUMBER | |
| National bibliography number | SNBA1979 |
| 020 ## - INTERNATIONAL STANDARD BOOK NUMBER | |
| Qualifying information | (viazané) |
| 035 ## - SYSTEM CONTROL NUMBER | |
| System control number | SNK000059847 |
| 035 ## - SYSTEM CONTROL NUMBER | |
| System control number | 56ECDEFF-9FC6-4959-8CC6-B180E13602CD |
| 035 ## - SYSTEM CONTROL NUMBER | |
| System control number | urn:nbn:sk:snk-am00ij3t |
| 039 #9 - LEVEL OF BIBLIOGRAPHIC CONTROL AND CODING DETAIL [OBSOLETE] | |
| Level of rules in bibliographic description | 202408281907 |
| Level of effort used to assign nonsubject heading access points | csnk01 |
| Level of effort used to assign subject headings | 202408281905 |
| Level of effort used to assign classification | AUTHORITY |
| Level of effort used to assign subject headings | 202408281904 |
| Level of effort used to assign classification | AUTHORITY |
| Level of effort used to assign subject headings | 202408281848 |
| Level of effort used to assign classification | AUTHORITY |
| 040 ## - CATALOGING SOURCE | |
| Original cataloging agency | SNK |
| Language of cataloging | slo |
| Transcribing agency | SNK |
| Description conventions | AACR2 |
| 041 1# - LANGUAGE CODE | |
| Language code of text/sound track or separate title | slo |
| Language code of original | eng |
| 044 ## - COUNTRY OF PUBLISHING/PRODUCING ENTITY CODE | |
| MARC country code | xo |
| ISO country code | SK |
| 072 #7 - SUBJECT CATEGORY CODE | |
| Subject category code | 821.11 |
| Subject category code subdivision | Germánske literatúry |
| Source | konspekt |
| 080 ## - UNIVERSAL DECIMAL CLASSIFICATION NUMBER | |
| Universal Decimal Classification number | 839.3- |
| Edition identifier | 1997 |
| 080 ## - UNIVERSAL DECIMAL CLASSIFICATION NUMBER | |
| Universal Decimal Classification number | 821.112.5-31 |
| Edition identifier | 2011 |
| 080 ## - UNIVERSAL DECIMAL CLASSIFICATION NUMBER | |
| Universal Decimal Classification number | (0:82-312.4) |
| Edition identifier | 2011 |
| 100 1# - MAIN ENTRY--PERSONAL NAME | |
| Personal name | Gulik, Robert van, |
| Dates associated with a name | 1910-1967 |
| Relationship | aut |
| 245 10 - TITLE STATEMENT | |
| Title | Strašidelný kláštor ; Motív vŕbovej halúzky ; Opica a tiger |
| Statement of responsibility, etc. | Robert Van Gulik ; [z anglických originálov The haunted monastery, The willow pattern, The monkey and the tiger ... preložil Ivan Krčméry] |
| 250 ## - EDITION STATEMENT | |
| Edition statement | 1. vyd. |
| 260 ## - PUBLICATION, DISTRIBUTION, ETC. | |
| Place of publication, distribution, etc. | Bratislava |
| Name of publisher, distributor, etc. | Slovenský spisovateľ |
| Date of publication, distribution, etc. | 1979 |
| Place of manufacture | Martin |
| Manufacturer | Tlačiarne SNP |
| 300 ## - PHYSICAL DESCRIPTION | |
| Extent | 339 strán |
| Dimensions | 21 cm |
| 490 1# - SERIES STATEMENT | |
| Series statement | Zelená knižnica |
| 655 #7 - INDEX TERM--GENRE/FORM | |
| Genre/form data or focus term | holandské romány |
| Source of term | SNKPH |
| 655 #7 - INDEX TERM--GENRE/FORM | |
| Genre/form data or focus term | detektívne romány |
| Source of term | SNKPH |
| 700 1# - ADDED ENTRY--PERSONAL NAME | |
| Personal name | Krčméry, Ivan, |
| Dates associated with a name | 1921-1997 |
| Relationship | trl |
| 700 12 - ADDED ENTRY--PERSONAL NAME | |
| Personal name | Gulik, Robert van, |
| Dates associated with a name | 1910-1967 |
| Title of a work | The haunted monastery |
| Language of a work | Slovensky |
| 700 12 - ADDED ENTRY--PERSONAL NAME | |
| Personal name | Gulik, Robert van, |
| Dates associated with a name | 1910-1967 |
| Title of a work | The willow pattern |
| Language of a work | Slovensky |
| 700 12 - ADDED ENTRY--PERSONAL NAME | |
| Personal name | Gulik, Robert van, |
| Dates associated with a name | 1910-1967 |
| Title of a work | The monkey and the tiger |
| Language of a work | Slovensky |
| 700 12 - ADDED ENTRY--PERSONAL NAME | |
| Personal name | Gulik, Robert van, |
| Dates associated with a name | 1910-1967 |
| Title of a work | Strašidelný kláštor |
| 700 12 - ADDED ENTRY--PERSONAL NAME | |
| Personal name | Gulik, Robert van, |
| Dates associated with a name | 1910-1967 |
| Title of a work | Motív vŕbovej halúzky |
| 700 12 - ADDED ENTRY--PERSONAL NAME | |
| Personal name | Gulik, Robert van, |
| Dates associated with a name | 1910-1967 |
| Title of a work | Opica a tiger |
| 830 #0 - SERIES ADDED ENTRY--UNIFORM TITLE | |
| Uniform title | Zelená knižnica |
| 910 ## - USER-OPTION DATA (OCLC) | |
| User-option data | snk |
| 942 ## - ADDED ENTRY ELEMENTS (KOHA) | |
| Source of classification or shelving scheme | Dewey Decimal Classification |
| Koha item type | Krásna literatúra pre dospelých |
| Suppress in OPAC | No |
| 949 ## - LOCAL PROCESSING INFORMATION (OCLC) | |
| 6 | 273K0282967 |
| a | svkpoA 113933 |
| b | svkpo263626 |
| 949 ## - LOCAL PROCESSING INFORMATION (OCLC) | |
| 6 | 17A0025253 |
| 9 | P60, <05>, [BOOK], {605} |
| a | snkSC 46347 D1 |
| 949 ## - LOCAL PROCESSING INFORMATION (OCLC) | |
| 6 | 17A0795504 |
| a | snkSC 46347 |
| b | snkKSP 5643/79 |
| s | 6100:20220513 |
| 949 ## - LOCAL PROCESSING INFORMATION (OCLC) | |
| 6 | 273K0211068 |
| a | svkpoA 165008 |
| b | svkpo409033 |
| Stav vyradenia | Strata | Poškodenie | Spôsob nadobudnutia | Domovská knižnica | Aktuálna knižnica | Dátum nadobudnutia | Total checkouts | Čiarový kód exemplára | Date last seen | Typ exemplára |
|---|---|---|---|---|---|---|---|---|---|---|
| Dar | Obecná knižnica Horná Štubňa | Obecná knižnica Horná Štubňa | 07.04.2026 | 4736201907 | 07.04.2026 | Krásna literatúra pre dospelých |
